Klasyfikacja medalowa na Mistrzostwach Świata w piłce nożnej - Statystyki

Ogólne statystyki
  • Ten quiz został rozwiązany 589 razy
  • Średni wynik to 17 z 20
Statystyki odpowiedzi
Reprezentacja 1 2 3 Łącznie % Poprawnych
Argentyna 3 3 0 6
99%
Brazylia 5 2 2 9
99%
Niemcy 4 4 4 12
99%
Francja 2 2 2 6
97%
Włochy 4 2 1 7
97%
Anglia 1 0 0 1
95%
Hiszpania 1 0 0 1
95%
Polska 0 0 2 2
94%
Urugwaj 2 0 0 2
92%
Holandia 0 3 1 4
88%
Portugalia 0 0 1 1
86%
Chorwacja 0 1 2 3
85%
Belgia 0 0 1 1
80%
Szwecja 0 1 2 3
79%
Stany Zjednoczone 0 0 1 1
78%
Węgry 0 2 0 2
70%
Turcja 0 0 1 1
64%
Chile 0 0 1 1
62%
Czechosłowacja 0 2 0 2
52%
Austria 0 0 1 1
51%
Nie znaleziono quizów pasujących do podanych kryteriów
Rozkład punktacji
Procent ludzi z każdym wynikiem
Percentyl według liczby udzielonych odpowiedzi
Twoja historia wyników
Nie rozwiązałeś tego quizu